000 01404nab a22002537a 4500
999 _c6329
_d6329
003 OSt
005 20260130204657.0
008 190603e xxum|||| |||| 00| 0 spa d
040 _cPJ
100 _94994
_aFerreira Morais, Ignacio Enrique
245 1 0 _aPosesión en edificios inteligentes :
_b¿el nacimiento del "corpus digital"? /
_cIgnacio E. Ferreira Morais.
260 _cCiudad Autónoma de Buenos Aires :
_aThomson Reuters La Ley,
_b2025.
300 _ap. 45-49
500 _aCita: TR LALEY AR/DOC/2275/2025 Publicado en: RCCyC 2025 (Octubre).
505 _aSumario: I. Introducción.— II. Aproximación al concepto de posesión en el marco normativo argentino.— III. Edificios inteligentes.— IV. Revisión crítica: ¿puede haber "corpus digital"?— V. Desafíos probatorios en entornos tecnológicos.— VI. Acciones posesorias y uso tecnológico.— VII. Reflexiones de lo tratado.— VIII. Corolario.
505 _t¿Te interesa el texto completo? Solicitalo al correo: koha@justierradelfuego.gov.ar
650 0 _91497
_aCODIGO CIVIL Y COMERCIAL
650 0 _91821
_aDERECHOS REALES
650 0 _92289
_aPOSESIÓN
650 0 _93404
_aMEDIOS DE PRUEBA ELECTRÓNICOS
650 0 _92318
_aACCIONES POSESORIAS
773 0 _02713
_93170
_dCiudad Autónoma de Buenos Aires : Thomson Reuters La Ley, 2015-
_tRevista Código Civil y Comercial. Nº 5 - Octubre 2025
942 _2udc
_cANA